|
|
|
|
| LEADER |
01520nam a2200337 u 4500 |
| 001 |
10064779 |
| 003 |
upatras |
| 005 |
20230519092314.0 |
| 008 |
071206s2005 uk eng |
| 020 |
|
|
|a 1568985193
|
| 040 |
|
|
|a ΠΑΝΕΠΙΣΤΗΜΙΟ ΠΑΤΡΑΣ
|c ΠΑΝΕΠΙΣΤΗΜΙΟ ΠΑΤΡΑΣ
|
| 041 |
0 |
|
|a eng
|
| 082 |
0 |
4 |
|a 720.48
|
| 245 |
1 |
0 |
|a Quonset hut
|b metal living foe a modern age
|c ; editors : Julie Decker and Chris Chiei
|
| 260 |
|
|
|a New York
|b Princeton Architectural Press
|c 2005
|
| 300 |
|
|
|a xvii, 165 p.
|b ill., maps.
|c 22 cm.
|
| 504 |
|
|
|a Includes bibliography and index
|
| 650 |
|
4 |
|a Αρχιτεκτονική
|x Στέγαση
|9 40066
|
| 650 |
|
4 |
|a Αρχιτεκτονική
|z Αμερική
|9 25192
|
| 650 |
|
4 |
|a Προκατασκευασμένα κτήρια
|9 43349
|
| 650 |
|
4 |
|a Αρχιτεκτονική
|y 20ός αιώνας
|9 6376
|
| 650 |
|
4 |
|a Μεταλλικές κατασκευές
|9 1656
|
| 650 |
|
4 |
|9 8108
|a Αρχιτεκτονική, Οικιακή
|
| 650 |
|
4 |
|9 2
|a Αρχιτεκτονική, Οικιακή
|z Ελλάδα
|
| 700 |
1 |
|
|a Decker, Julie
|4 edt
|9 57937
|
| 700 |
1 |
|
|a Chiei, Chris
|4 edt
|9 57938
|
| 852 |
|
|
|a GR-PaULI
|b ΠΑΤΡΑ
|b ΑΡΧΙΤΕΚΤΟΝΙΚΗ
|k ΑΣΧΞ-2
|h 720.48 DEC
|m 005386
|p 025000157528
|t 1
|
| 942 |
|
|
|2 ddc
|c BK15
|
| 952 |
|
|
|0 0
|1 0
|4 0
|6 720_480000000000000_DEC
|7 0
|9 63966
|a ARCH
|b ARCH
|d 2016-04-24
|i 005386
|l 2
|o 720.48 DEC
|p 025000157528
|r 2017-03-31 00:00:00
|s 2017-03-29
|t 1
|w 2016-04-24
|y BK15
|
| 998 |
|
|
|c Κηπουργού
|d 2007-12
|
| 999 |
|
|
|c 41086
|d 41086
|